Catalogus codicum manu scriptorum Bibliothecae Regiae Holmiensis c annum MDCL /

Hlavní autor: Vossius, Isaac, 1618-1689
Další autoři: Callmer, Christian, 1908-1985
Jazyk: Švédština
Latina
Angličtina
Vydáno: Holmiae Suecorum : Bibliotheca Regiae Stockholmiensis, 1971
Edice: Acta Bibliothecae Regiae Stockholmiensis
Fyzický popis: 15, 248 s.
Language note: Část. souběžný anglický a švédský text
Knihy
Uloženo v:
LEADER 01067nam a22002532a 4500
001 001293151
003 CZ BrMZK
005 20130528145053.0
007 ta
008 130514s1971 sw er|||||||||||lat d
040 |a BOA001  |b cze 
041 0 |a lat  |a eng  |a swe 
100 1 |a Vossius, Isaac,  |d 1618-1689  |7 mzk2006356120  |4 aut 
245 1 0 |a Catalogus codicum manu scriptorum Bibliothecae Regiae Holmiensis c annum MDCL /  |c ductu et auspicio Isaac Vossiius conscriptus, suecice et britannice praefatus editionem indicibus auctam curavit Christan Callmer 
260 |a Holmiae Suecorum :  |b Bibliotheca Regiae Stockholmiensis,  |c 1971 
300 |a 15, 248 s. 
490 1 |a Acta Bibliothacae Regiae Stockholmiensis ;  |v 11 
546 |a Část. souběžný anglický a švédský text 
700 1 |a Callmer, Christian,  |d 1908-1985  |7 ola2007364992  |4 edt 
830 0 |a Acta Bibliothecae Regiae Stockholmiensis 
910 |a BOA001  |b 2-0673.425 
990 |a BK 
991 |b 201305 
996 7 |b 2619688431  |c 2-0673.425  |l Sklad H1  |r Sklad / do 24 hodin  |n 0  |h HS212  |w 001327791  |u 000010  |a 1  |e BOA001  |j MZK50  |s A